Most Streamed Playboi Carti Songs - Statistics

General Stats
  • This quiz has been taken 249 times
    9 since last reset
  • The average score is 13 of 20
Answer Stats
# Streams Answer % Correct
4 1,046,355,928 Magnolia
100%
5 983,087,211 Sky
100%
12 475,130,082 Fell In Luv
83%
9 656,335,834 Miss The Rage
83%
17 381,029,037 Vamp Anthem
83%
10 613,134,427 wokeuplikethis*
83%
6 862,720,639 CARNIVAL
67%
13 474,760,878 ILoveUIHateU
67%
11 609,473,337 Location
67%
16 401,972,388 Long Time - Intro
67%
3 1,287,033,493 Popular
67%
7 842,276,630 Shoota
67%
2 1,385,933,098 Timeless
67%
1 1,523,987,471 FE!N
50%
20 266,442,098 RATHER LIE
50%
18 357,091,232 Baguettes in the Face
33%
19 273,502,682 Foreign
33%
15 407,703,626 Pain 1993
33%
14 423,231,666 R.I.P.
33%
8 689,275,138 Type Shit
33%
No matching quizzes found
Score Distribution
Percent of People with Each Score
Percentile by Number Answered
Your Score History
You have not taken this quiz since the last reset